000 00495nam a2200181Ia 4500
005 20250326124214.0
008 250326s9999 xx 000 0 und d
037 _aTextbook
040 _aFMSL
_beng
_cFMSL
041 _aeng
_2eng
084 _aX:51 L3;7
_qFMSL
100 _aSchwartz D J
_9736983
245 0 _aMarketing today: basic approach
_cSchwartz D J
260 _aNY
_bNY, Harcourt Brace
_c1973
300 _a716p
942 _cTB
_hX:51 L3;7
999 _c1272734
_d1272734